000 00271nam a22001097a 4500
082 _a808.4 BLO'F
100 _aBLOOMFIELD, MORTON W
_946024
245 _aFORM AND IDEA THIER ESSAYS FOR COLLEGE STUDY
260 _aNEWYORK
_bMACMILLAN
_c1957
300 _a288P
942 _cBK
999 _c568125
_d568125